Histoire de l'Europe par lettre - H - Statistiques

Statistiques générales
  • Ce quiz a été pris 252 fois
  • Le résultat moyen est 9 sur 21
Statistiques - réponses
Indice Réponse % Correct
Dictateur dirigeant l'Allemagne nazie de 1933 à 1945 Adolf Hitler
98%
Poete antique, auteur de l'Illiade et l'Odyssée Homère
96%
Courant de pensée lié à la Renaissance, placant l'humain au centre Humanisme
83%
Auteur français très prolifique du XIXème siècle, exilé sous Napoléon III Victor Hugo
81%
Médecin grec antique, son célèbre serment est encore prêté aujourd'hui Hippocrate
75%
Dynastie royale et impériale autrichienne, ayant aussi régné sur l'Espagne Habsbourg
63%
Nom donné à la Shoah, le génocide des juifs par l'Allemagne nazie Holocauste
63%
Être ou ne pas être, telle est la question Hamlet
56%
Victoire normande décisice contre l'Angleterre en 1066 Hastings
50%
Historien grec antique considéré comme le "père de l'Histoire" Hérodote
47%
Philosophe anglais du XVIIème siècle, auteur notamment du Léviathan Thomas Hobbes
33%
Pièce de théatre très controversée de ce dernier, ayant causé une "bataille" lors de sa première représentation Hernani
30%
Président qui le nomme chancellier Paul von Hindenburg
26%
Ligue de villes marchandes médiévales d'Europe du Nord Hanse
20%
Période de l'histoire grecque qui fait suite à la période classique Hellénistique
18%
Royaume allemand du XIXème siècle dont la maison règna sur le Royaume-Uni Hanovre
17%
Grande famine ukrainienne, organisée par le régime soviétique en 1932 Holodomor
15%
Peuple entièrement soumis à l'esclavage par Sparte dans l'antiquité Hilotes
8%
Dynastie des empereurs allemands de 1870 à 1918 Hohenzollern
6%
Dirigeant de la RDA de 1971 à 1989 Erich Honecker
5%
Dynastie impériale germanique éteinte en 1250, opposée au pouvoir papal Hohenstaufen
3%
Aucun quiz correspondant
Distribution des résultats
% des personnes avec chaque résultat
Percentile par nombre de réponses
Votre historique - résultats
Vous n’avez pas pris ce quiz